| 000 | nkm a22 a 4500 | ||
|---|---|---|---|
| 999 |
_c398466 _d398466 |
||
| 003 | BLK | ||
| 005 | 20210215092933.0 | ||
| 008 | 210215b bu ||||| |||| 00| 0 bu d | ||
| 040 | _aBLK | ||
| 041 |
_aBUL _cBUL |
||
| 080 |
_aИстория на България 94(497.2) _b94(497.2) _x(084) _z94(497.2)(084) |
||
| 080 |
_aСоциография. Социално положение. Условия на политическия и социалния живот. Социално и социално-икономическо положение на отделните страни, народи, раси. Социална география. (Общи въпроси) 308 _b308 _x(084) _z308(084) |
||
| 139 | _a1300 години България | ||
| 245 |
_a1300 години България _bИзобразителен материал : 13 юбилейни дни _cсъстав. Борис Слав Банков, Димитър Шумналиев ; хроники Борис Слав Банков, Атанас Атанасов ; ред. Татяна Вучева |
||
| 257 | _aBGR | ||
| 260 |
_aСофия _bСептември _c1984 _9210539 _n954-406- |
||
| 300 |
_a1 албум (200 с.) _bс ил. _c24Х25 см |
||
| 380 | _a9 | ||
| 500 | _aБанков, Борис Слав. - Шумналиев, Димитър Георгиев, 1947- Атанасов, Атанас. - Вучева, Татяна Иванова, 1939. - 4 100 тир. | ||
| 651 | 7 |
_9178684 _aБългария |
|
| 653 | 0 |
_aснимкови албуми _9401783 |
|
| 653 | 7 |
_aсоциализъм _9196982 |
|
| 653 | 7 |
_aреволюции _9195344 |
|
| 653 | 7 |
_aсемейство _9196445 |
|
| 653 | 7 |
_aистория _9187889 |
|
| 852 |
_aЦб II 26804 _bЦб |
||
| 942 |
_cGRA _n0 _s1 |
||
| 944 |
_aCR _c2021-02-15 |
||